<?xml version="1.0" encoding="UTF-8"?>
<record
    xmlns:xsi="http://www.w3.org/2001/XMLSchema-instance"
    xsi:schemaLocation="http://www.loc.gov/MARC21/slim http://www.loc.gov/standards/marcxml/schema/MARC21slim.xsd"
    xmlns="http://www.loc.gov/MARC21/slim">

  <leader>01995    a2200217   4500</leader>
  <datafield tag="020" ind1=" " ind2=" ">
    <subfield code="a">0072229985</subfield>
  </datafield>
  <datafield tag="020" ind1=" " ind2=" ">
    <subfield code="a">9780072229981</subfield>
  </datafield>
  <datafield tag="040" ind1=" " ind2=" ">
    <subfield code="a">DLC</subfield>
    <subfield code="b">DLC</subfield>
  </datafield>
  <datafield tag="082" ind1="0" ind2="0">
    <subfield code="a">005.4/32</subfield>
  </datafield>
  <datafield tag="100" ind1="1" ind2=" ">
    <subfield code="a">Watters, Paul A.</subfield>
  </datafield>
  <datafield tag="245" ind1="1" ind2="0">
    <subfield code="a">Solaris 10: the complete reference </subfield>
    <subfield code="b">the complete reference </subfield>
    <subfield code="c">Paul A. Watters</subfield>
  </datafield>
  <datafield tag="246" ind1="3" ind2=" ">
    <subfield code="a">Complete reference, Solaris 10</subfield>
  </datafield>
  <datafield tag="260" ind1=" " ind2=" ">
    <subfield code="a">New York :</subfield>
    <subfield code="b">McGraw-Hill/Osborne,</subfield>
    <subfield code="c">c2005.</subfield>
  </datafield>
  <datafield tag="300" ind1=" " ind2=" ">
    <subfield code="a">xxvii, 738 p. :</subfield>
    <subfield code="b">ill. ;</subfield>
    <subfield code="c">24 cm.</subfield>
  </datafield>
  <datafield tag="500" ind1=" " ind2=" ">
    <subfield code="a">Includes index.</subfield>
  </datafield>
  <datafield tag="505" ind1="0" ind2=" ">
    <subfield code="a">pt. 1. Installation. Introduction to Solaris 10 -- System concepts and choosing hardware -- Solaris 10 installation -- Initialization, OpenBoot PROM, and run levels -- pt. 2. System essentials. Installing software, live upgrade, and patching -- Text processing and editing -- Shells, scripts, and scheduling -- Process management -- pt. 3. Security. System security -- File system access control -- Role-based access control -- Users, groups, and the Sun management console -- Kerberos and pluggable authentication -- pt. 4. Managing devices. Device and resource management -- Installing disks and file systems -- File system and volume management -- Backup and recovery -- Printer management -- Pseudo file systems and virtual memory -- System logging, accounting, and tuning -- pt. 5. Networking. Basic networking -- DHCP and NTP -- Routing and firewalls -- Remote access -- Internet layer (IPv6) -- pt. 6. Services, directories, and applications. Network file system and caching file system -- Sendmail -- Domain name service -- Network information service (NIS/NIS+) -- Lightweight directory access protocol (LDAP) -- Samba -- Application development and debugging -- Web applications and services.</subfield>
  </datafield>
  <datafield tag="650" ind1=" " ind2="0">
    <subfield code="a">Operating systems (Computers)</subfield>
  </datafield>
  <datafield tag="856" ind1="4" ind2="1">
    <subfield code="3">Table of contents only</subfield>
    <subfield code="u">http://www.loc.gov/catdir/enhancements/fy0626/2005278578-t.html</subfield>
  </datafield>
  <datafield tag="856" ind1="4" ind2="1">
    <subfield code="3">Contributor biographical information</subfield>
    <subfield code="u">http://www.loc.gov/catdir/enhancements/fy0737/2005278578-b.html</subfield>
  </datafield>
  <datafield tag="942" ind1=" " ind2=" ">
    <subfield code="c">BK</subfield>
    <subfield code="k">005.432 WAT</subfield>
    <subfield code="2">ddc</subfield>
  </datafield>
  <datafield tag="999" ind1=" " ind2=" ">
    <subfield code="c">6616</subfield>
    <subfield code="d">6616</subfield>
  </datafield>
  <datafield tag="952" ind1=" " ind2=" ">
    <subfield code="0">0</subfield>
    <subfield code="1">0</subfield>
    <subfield code="4">0</subfield>
    <subfield code="7">0</subfield>
    <subfield code="8">NFIC</subfield>
    <subfield code="a">CL</subfield>
    <subfield code="b">CL</subfield>
    <subfield code="c">OS</subfield>
    <subfield code="d">2007-06-21</subfield>
    <subfield code="e">Progressive International Agencies</subfield>
    <subfield code="g">3191.52</subfield>
    <subfield code="l">0</subfield>
    <subfield code="o">005.432 WAT</subfield>
    <subfield code="p">SEECS008571</subfield>
    <subfield code="r">2012-11-14</subfield>
    <subfield code="w">2017-01-05</subfield>
    <subfield code="y">BK</subfield>
  </datafield>
</record>
